Регионална библиотека "Любен Каравелов" - Русе

Социология на отклоняващото се поведение (Запис номер 64279)

MARC детайли
000 -Лидер
Контролно поле с фиксирана дължина 02467nam a2200397 c 4500
003 - Код на организацията, давaща контролен номер
Контролно поле BLK
005 - Дата и час на последна редакция
Контролно поле 20231115165714.0
008 - Елементи от данни с фиксирана дължина
fixed length control field 180408b bul|||||r ||||||| ||bul||
010 ## - Наследен системен номер
LC control number KNG00068546000
020 ## - Международен стандартен номер на книга ISBN
Международен стандартен номер на книга ISBN 954-01-1807-7
-- издат.: Просвета
040 ## - Източник на каталожния запис
Идентификатор на билиотеката - собственик на записа BLK
041 ## - Код за език
Код за езика на текст/звукозапис или на отделно заглавие Български
Код за езика КДБФ Български
080 ## - УДК
Текстов определител УДК Социално поведение. Девиантно поведение. Социална патология. Активност и пасивност, конвенционално поведение, мотивация, потребности, стремежи
УДК код - определител по УДК 316.62
УДК определител
УДК - код + определител 316.62
080 ## - УДК
Текстов определител УДК Криминална социология. Престъплението като обществено явление. Сравнителен криминалитет. Причини и влияния на престъпленията. Социални фактори на престъпленията
УДК код - определител по УДК 343.97
УДК определител (497.2)
УДК - код + определител 343.97(497.2)
100 1# - Редна дума - Автор
Автор Фотев, Георги
Авторска отговорност първи автор
R(LIN) 365831
139 ## - Редно поле
Редна дума Социология на отклоняващото се поведение
Авторски знак Соц - С 54
245 10 - Сведения за заглавието
Заглавие Социология на отклоняващото се поведение
Редно поле (дума) Георги Фотев.
257 ## - Страна на издаване
Страна на създаване/издаване България
260 ## - Област на издателските данни
-- София
Име на издателя, разпространителя и проч. Просвета
Година на издаване 2005
Печатница София : МОНТ
300 ## - Физическа характеристика
Страници 544 с.
Илюстрации и др. с табл., диагр.
Размери/Мащаб 21 см
380 ## - Жанр
Жанр Обществени науки
500 ## - Общи забележки
Забележка Други авт. : В. Златанова, Б. Ерменов, А. Гълъбов, Р. Стоилова, А. Мантарова, Р. Буджева, М. Канушев, К. Мулячки ; Първият авт. известен като Георги Фотев. - Съдържа и Престъпността в България през периода 1995-2000. - Библиогр. с. 521-542.
650 #4 - Допълнително описание по предмет – тема
Основно описание – тема или топоним Девиантно поведение
9 (RLIN) 284247
650 #4 - Допълнително описание по предмет – тема
Основно описание – тема или топоним Престъпност - социологични проблеми
9 (RLIN) 290686
650 #4 - Допълнително описание по предмет – тема
Основно описание – тема или топоним България - право и правосъдие
9 (RLIN) 242780
651 #4 - Допълнително описание по предмет - топоним
Географско понятие България
9 (RLIN) 241624
653 ## - Ключова дума – ненормативна
Ключова дума социално поведение
653 ## - Ключова дума – ненормативна
Ключова дума престъпления
653 ## - Ключова дума – ненормативна
Ключова дума социологически изследвания
852 ## - Местоположение
Форматна сигнатура Цб 229464
856 4# - Електронен адрес и достъп
Електронен формат pdf - файл
Път до файла /url/
856 4# - Електронен адрес и достъп
Електронен формат pdf - файл
Път до файла /url/
942 ## - АРТИКУЛИ
Вид на библиотечния материал Книги
Скрит в OPAC Не
Koha issues (borrowed), all copies 13
944 ## - СЪЗДАВАНЕ И РЕДАКЦИЯ на ЗАПИСА
Създаване/Редакция Създаване
Дата на регистрацията/редакция 06.10.2006
Статус, дата на статуса Цветелина Шанова
Служител, извършил регистрацията/редакцията 30531
944 ## - СЪЗДАВАНЕ И РЕДАКЦИЯ на ЗАПИСА
Създаване/Редакция Редакция
Дата на регистрацията/редакция 17.12.2012
Статус, дата на статуса ф /
Служител, извършил регистрацията/редакцията
999 ## - СИСТЕМНИ КОНТРОЛНИ НОМЕРА
Koha biblionumber 64279
Koha biblioitemnumber 64279
Наличности
Код за отписване Код за изгубен артикул Код за повреда Коз за рестрикции Код за отдаване Артикулен № Име на библиотеката - собственик Име на библиотеката, в която се намира в момента Статус (Текущо местоположение) Дата на вписване в системата Местоположение - отдел Цена в лева Инвентарен номер Систематично азбучна сигнатура Баркод Номер на екземпляра Цена в евро Служебна бележка Служебен тип на артикула Източник на класификационната схема
  Не е изгубен Не е повреден без рестрикции ползва се в читалня 106361 Регионална библиотека "Любен Каравелов" Русе Регионална библиотека "Любен Каравелов" Русе Хранилище 2006-10-06 Хранилище 12.00 120000705755 Цб 229464 120000705755 1 6.14 Дост: Dp Вид: Д N: 43 Дата: 12.10.2005 Книги  
  Не е изгубен Не е повреден без рестрикции заемане за дома 106362 Регионална библиотека "Любен Каравелов" Русе Регионална библиотека "Любен Каравелов" Русе Заемна - подръчен фонд 2007-12-17 Заемна - подръчен фонд 12.00 120000721050 П 316.6/С 54 120000721050 2 6.14 Дост: Pk Вид: Ф N: 12779 Дата: 11.12.2007 Дата инв: 02.02.2018 Бележки инв: П2018 Книги Universal Decimal Classification
  Не е изгубен Не е повреден без рестрикции заемане за дома 106363 Регионална библиотека "Любен Каравелов" Русе Регионална библиотека "Любен Каравелов" Русе Заемна - подръчен фонд 2008-09-25 Заемна - подръчен фонд 12.00 120000729315 П 316.6/С 54 120000729315 3 6.14 Дост: Pk Вид: Ф N: 8930 Дата: 24.09.2008 Дата инв: 02.02.2018 Бележки инв: П2018 Книги  
  Не е изгубен Не е повреден без рестрикции заемане за дома 106364 Регионална библиотека "Любен Каравелов" Русе Регионална библиотека "Любен Каравелов" Русе Заемна - подръчен фонд 2008-09-25 Заемна - подръчен фонд 12.00 120000729316 П 316.6/С 54 120000729316 4 6.14 Дост: Pk Вид: Ф N: 8930 Дата: 24.09.2008 Дата инв: 02.02.2018 Бележки инв: П2018 Книги  
  Не е изгубен Не е повреден без рестрикции заемане за дома 106365 Регионална библиотека "Любен Каравелов" Русе Регионална библиотека "Любен Каравелов" Русе Заемна - подръчен фонд 2008-09-25 Заемна - подръчен фонд 12.00 120000729317 П 316.6/С 54 120000729317 5 6.14 Дост: Pk Вид: Ф N: 8930 Дата: 24.09.2008 Дата инв: 02.02.2018 Бележки инв: П2018 Книги  
  Не е изгубен Не е повреден без рестрикции ползва се в читалня 106366 Регионална библиотека "Любен Каравелов" Русе Регионална библиотека "Любен Каравелов" Русе Читалня 2012-11-26 Читалня 12.00 120000761610 Ч 316/С 54 120000761610 6 6.14 Дост: Pk Вид: Ф N: 322 Дата: 19.11.2012 Дата инв: 22.03.2017 Бележки инв: Ч2017 Книги  
  Не е изгубен Не е повреден без рестрикции заемане за дома 106367 Регионална библиотека "Любен Каравелов" Русе Регионална библиотека "Любен Каравелов" Русе Заемна - подръчен фонд 2012-11-26 Заемна - подръчен фонд 12.00 120000761611 П 316.6/С 54 120000761611 7 6.14 Дост: Pk Вид: Ф N: 322 Дата: 19.11.2012 Дата инв: 02.02.2018 Бележки инв: П2018 Книги  
Vip Innovations Ltd, Rousse, Bulgaria 2025